000 00662nam a2200265Ia 4500
005 20250425161919.0
008 250425s9999 xx 000 0 und d
041 _aeng
082 _a658.802
100 _aSTRATEX, LICENSING DIVISION
245 0 _aMARKSTRAT 3 FOR EXECUTIVES
250 _aS.E.
260 _aBOSTON
260 _aEstados Unidos
_bSTRATX LICENSING DIVISION
_c1999
300 _a68
500 _aINGLES
650 _aBENCHMARKING
650 _aESTRATEGIAS DE MARKETING
650 _aESTUDIOS DE MERCADO
650 _aMARKETING INDUSTRIAL
650 _aTOMA DE DECISIONES
710 _aSTRATX
942 _c01
010 _a34742
999 _c218728
_d218728